00918nam a2200241 a 4500001001000000005001700010041000800027044000700035084002000042100003800062245009800100260005500198300001700253500010600270500002900376500001000405546002400415650005200439650005600491650003400547650004500581740005000626BRCA_345620190320204307.0 ager agw a745b.F47c17771 aFernández de Avellaneda, Alonso10aLeben und Thaten des Weisen Junkers Don Quixote von ManchacAlonso Fernández de Avellaneda. a[Weimar, Leipzig]bFritschische Buchhandlungc1777 a2 v.c17 cm. aTraducción alemana de la continuación escrita por Avellaneda y hecha por Bertuch Lúdovik Osterc aEdición : Neue Ausgabe aQM499 aTexto en : alemán14aNovela españolayÉpoca clásica, 1500-170014aLiteratura españolayÉpoca clásica, 1500-170014aNovela españolaySiglo XVII14aDon Quijote (Personaje ficticio)eNovela0 aEl Ingenioso Hidalgo Don Quijote de la Mancha